00714nab a2200217 uc450000100070000000500170000700800410002403500110006503500210007604000130009704100080011010000440011824500600016265000370022265000260025965000340028565000380031977301100035794200100046799900190047745037020240201131405.0990610e19960601 spa  a450370 a(OCoLC)819785312 ccomduadb aspa10aGaviria Garzon, Diana4auteaut924148814aUna mirada retrospectiva con lecciones para el presente 7aGestión ambiental2lemb936466 aLey 99 de 1993949345 7aPolítica ambiental2943848 7aEconomía ambiental2lemb9431870 tPlaneación y Desarrollo (Bogotá)gVol. 27, No. 02, Abr.-Jun. 1996, p. 49-82w258197x0034-8686096163 cARIMP c118452d118452